000 00577nam a2200229Ia 4500
003 OSt
005 20221005130255.0
006 a|||||r|||| 00| 0
007 ta
008 221004b |||||||| |||| 00| 0 san d
024 _a65378
037 _cTextual
040 _aCRL
_cCRL
_bsan
041 _2san
_asan
082 _aLA:68x1:1:1, 15H1
100 _aVagbhatta Au.
_9637850
245 0 _aRasaratna - samuccayatika
260 _c1941
650 _aMEDICINE
942 _hLA:68x1:1:1, 15H1
_cTEXL
_2cc
999 _c1056669
_d1056669